000 00705nam a2200265Ia 4500
003 OSt
005 20250329111516.0
008 210329s9999||||xx |||||||||||||| ||und||
020 _a9788174951281
040 _cSTCPL
041 _aENG
082 _a070.954
_bJAC-M
100 _aSrampickal, Jacob
245 0 _aMessages or massages :
_bMedia matters in india today /
_cby Jacob Srampickal
260 _aNew Delhi :
_bMedia House ,
_c2002 .
300 _a163 p.
_bPB
650 _aEnglish literature
650 _aMedia in india
650 _aPower of media
650 _aFilm stars in politics
650 _aMedia ethics
650 _aMedia control
942 _cBK
942 _2ddc
_n0
999 _c50673
_d50673